Search the Library Catalogue
| 000 -LEADER | |
|---|---|
| fixed length control field | 01077nam a2200169Ia 4500 |
| 008 - FIXED-LENGTH DATA ELEMENTS--GENERAL INFORMATION | |
| fixed length control field | 250714s9999 xx 000 0 und d |
| 020 ## - INTERNATIONAL STANDARD BOOK NUMBER | |
| ISBN | 9780521825962 |
| 082 ## - DEWEY DECIMAL CLASSIFICATION NUMBER | |
| Classification number | 935 |
| Item number | CRA |
| 100 ## - MAIN ENTRY--AUTHOR NAME | |
| Personal name | Crawford, Harriet |
| 245 #0 - TITLE STATEMENT | |
| Title | Sumer and the Sumerians |
| 260 ## - PUBLICATION, DISTRIBUTION, ETC. (IMPRINT) | |
| Name of publisher | Cambridge University Press |
| Year of publication | 2004 |
| 300 ## - PHYSICAL DESCRIPTION | |
| Number of Pages | 262 pages |
| 500 ## - GENERAL NOTE | |
| General note | Mesopotamia produced one of the best-known ancient civilizations, with a literate, urban culture and highly-developed political institutions. Harriet Crawford reviews the extraordinary social and technological developments in the region over a period of two millennia (from 3800 to 2000 BC) in this fully revised and expanded edition of her classic text. Drawing on the most up-to-date historical and archaeological sources, she describes the physical environment and covers architecture, trade and industry, the development of writing, and changes in social and political structures. First Edition Hb (1991): 0-521-38175-4 First Edition Pb (1991): 0-521-38850-3 |
| 650 ## - SUBJECT ADDED ENTRY--TOPICAL TERM | |
| Topical Term | Social Science |
| 942 ## - ADDED ENTRY ELEMENTS (KOHA) | |
| Koha item type | English Books |
| Withdrawn status | Lost status | Damaged status | Not for loan | Home library | Current library | Shelving location | Date acquired | Full call number | Accession Number | Price effective from | Koha item type |
|---|---|---|---|---|---|---|---|---|---|---|---|
| Anna Centenary Library | Anna Centenary Library | 7TH FLOOR, B WING | 14.07.2025 | 935 CRA | 240730 | 14.07.2025 | English Books |